01534nam a2200313Ia 4500001001200000003000800012006001900020007001500039008004100054010001700095020002200112040002100134035002000155050002400175082001500199245031700214260005500531300002200586500008200608504005400690533015200744650004400896650005300940650002800993655002901021700002701050710001701077856012601094ebr10056841CaPaEBRm u cr cn|||||||||910131s1990 dcua sb f000 0 eng d z 90062816  z0309043360 (pbk.) aCaPaEBRcCaPaEBR a(OCoLC)7077300414aTC547b.E471 1990eb04a627/.822000aEarthquake engineering for concrete damsh[electronic resource] :bdesign, performance, and research needs /cPanel on Earthquake Engineering for Concrete Dams, Committee on Earthquake Engineering, Division of Natural Hazard Mitigation, Commission on Engineering and Technical Systems, National Research Council. aWashington, D.C. :bNational Academy Press,c1990. ax, 143 p. :bill. a"Ray W. Clough, Chairman, Panel on Earthquake Engineering for Concrete Dams." aIncludes bibliographical references [p. 127-143]. aElectronic reproduction.bPalo Alto, Calif. :cebrary,d2009.nAvailable via World Wide Web.nAccess may be limited to ebrary affiliated libraries. 0aConcrete damsxDesign and construction. 0aConcrete damsxEarthquake effectsvCase studies. 0aEarthquake engineering. 7aElectronic books.2local1 aClough, Ray W.,d1920-2 aebrary, Inc.40uhttp://site.ebrary.com/lib/rucke/Doc?id=10056841zAn electronic book accessible through the World Wide Web; click to view